Serie Documental (Registro nro. 17119)

Detalles MARC
000 -CABECERA
Campo de control 00254as aa2200097a 44500
090 ## - CLASIFICACIÓN LOCAL
Colección SERIADAS
Consecutivo 00972
041 0# - IDIOMA
Código de idioma para texto/pista de sonido o título separado
245 10 - MENCION DE TITULO
Título Serie Documental
260 ## - PUBLICACION, DISTRIBUCION, ETC. (PIE DE IMPRENTA)
Nombre del editor, distribuidor, etc. Corporación Nacional de Investigación y Fomento Forestal
Lugar de publicación, distribución, etc. Colombia
942 ## - ELEMENTOS ADICIONALES (KOHA)
Tipo de ítem Periodica o revista
Existencias
Withdrawn status Lost status Damaged status No para préstamo Colección Fecha publicación (Año) Inventariado Ubicación Permanente Ubicación actual Fecha de adquisición Fuente de Valor Total Checkouts Número topográfico Inventario / Código de Barras Date last seen Ejemplar Price effective from Forma de adquisición Tipo de material Número revista
        Hemeroteca 1997 Inventariado 2017 Villa de Leyva Villa de Leyva 21/03/2001 CONIF   SERIADAS 00972 009316 25/03/2015 1 25/03/2015   Periodica o revista  
        Hemeroteca 1997 Inventariado 2017 Villa de Leyva Villa de Leyva 21/03/2001 CONIF   SERIADAS 00972 009317 25/03/2015 1 25/03/2015   Periodica o revista 28
        Hemeroteca 1999 Inventariado 2017 Villa de Leyva Villa de Leyva 23/04/2001 Samper, Cristián   SERIADAS 00972 009318 25/03/2015 1 25/03/2015   Periodica o revista 42
        Hemeroteca 2000 Inventariado 2017 Villa de Leyva Villa de Leyva 08/06/2001 Desconocido   SERIADAS 00972 009319 25/03/2015 1 25/03/2015   Periodica o revista 43